Inverse problems in scattering and imaging : proceedings of a NATO Advanced Research Workshop held at Cape Cod, USA, 14-19 April 1991

Αποθηκεύτηκε σε:
Λεπτομέρειες βιβλιογραφικής εγγραφής
Συγγραφή απο Οργανισμό/Αρχή: NATO Advanced Research Workshop Cape Cod, USA
Άλλοι συγγραφείς: Bertero, Mario (Επιμελητής έκδοσης), Pike, E. R. (Edward Roy), 1929- (Επιμελητής έκδοσης)
Μορφή: Πρακτικό Συνεδρίου Βιβλίο
Γλώσσα:English
Δημοσίευση: Bristol : Adam Hilger, c1992.
Σειρά:Malvern physics series
Θέματα:
Ετικέτες: Προσθήκη ετικέτας
Δεν υπάρχουν, Καταχωρήστε ετικέτα πρώτοι!

MARC

LEADER 00000cam a2200000 i 4500
001 1/42377
008 941103s1992####enk| ||| |||| ||eng||
020 |a 0750301430 
035 |a 1993  |c ΦΛΕΣΣΑΣ  |l 10041749 
040 |a GR-MyUA  |b gre  |e AACR2 
041 0 |a eng 
082 7 |a 539.758   |2 (22) 
111 2 |a NATO Advanced Research Workshop   |d (1991 :   |c Cape Cod, USA) 
245 1 0 |a Inverse problems in scattering and imaging :   |b proceedings of a NATO Advanced Research Workshop held at Cape Cod, USA, 14-19 April 1991 /   |c edited by M. Bertero and E.R. Pike.  
260 |a Bristol :   |b Adam Hilger,   |c c1992.  
300 |a 426 σ. ;   |c 24 εκ. 
490 1 |a (Malvern physics series)  
504 |a Περιλαμβάνει βιβλιογραφικές παραπομπές. 
650 0 |a Scattering (Physics)  |x Congresses. 
650 0 |a Inverse problems (Differential equations)  |x Congresses. 
700 1 |a Bertero, Mario,  |e edt 
700 1 |a Pike, E. R.   |q (Edward Roy),   |d 1929-  |e edt 
830 0 |a Malvern physics series 
852 |a INST  |b SAMOS  |e 19941103  |h 539.758 NAT  |p 005300009920  |q 005300009920  |t BK  |y 0